[Event "IECG TE.2005.P.01843 email"]
[Site "IECG email"]
[Date "2005.03.24"]
[Round "?"]
[White "Hardy, Pierre"]
[Black "Lahdenmaeki, Leo"]
[Result "0-1"]
[WhiteElo "1300"]
[BlackElo "1770"]
[PlyCount "40"]
[EventDate "2005.03.24"]
[EventType "tourn (corr)"]
[EventRounds "4"]
[SourceTitle "Corr 2008"]
[Source "ChessBase"]
[SourceDate "2008.06.24"]
[SourceVersion "1"]
[SourceVersionDate "2008.06.24"]
[SourceQuality "1"]

1. d4 Nf6 2. c4 c5 3. d5 b5 4. Nf3 Bb7 5. Nbd2 bxc4 6. e4 e6 7. Bxc4 exd5 8. exd5 Qe7+ 9. Qe2 Qxe2+ 10. Bxe2 Bxd5 11. 0-0 Nc6 12. b3 Be7 13. Bb2 0-0 14. Bc3 Rfe8 15. Rfe1 Nb4 16. Bxb4 cxb4 17. Rac1 Bd6 18. Nd4 Be5 19. N2f3 Bxf3 20. Nxf3 Bc3 0-1